Právna povaha uznesenia valného zhromaždenia kapitálových spoločností a problematika jeho neplatnosti (niektoré aspekty)

Stručný prehľad súčasných názorov na právnu povahu uznesenia. Právna povaha uznesenia valného zhromaždenia. Neplatnosť uznesenia valného zhromaždenia. Právne dôsledky neplatnosti uznesenia valného zhromaždenia.

Enregistré dans:
Détails bibliographiques
Auteur principal: Kubinec, Martin
Format: Chapitre de livre
Langue:slovaque
Sujets:
Tags: Ajouter un tag
Pas de tags, Soyez le premier à ajouter un tag!

MARC

LEADER 00000naa$a2200000$$$4500
001 0027148
005 20231102091600.9
041 0 |a slo 
044 |a SK 
245 1 0 |a Právna povaha uznesenia valného zhromaždenia kapitálových spoločností a problematika jeho neplatnosti (niektoré aspekty)  |c Martin Kubinec 
520 |a Stručný prehľad súčasných názorov na právnu povahu uznesenia. Právna povaha uznesenia valného zhromaždenia. Neplatnosť uznesenia valného zhromaždenia. Právne dôsledky neplatnosti uznesenia valného zhromaždenia. 
610 2 0 |a spoločnosti kapitálové 
610 2 0 |a zhromaždenia valné 
610 2 0 |a zákonník obchodný 
610 2 0 |a akcionári 
610 2 0 |a právomoc 
610 2 0 |a zmluvy spoločenské 
100 1 |a Kubinec, Martin